| 000 | 01956cam a2200553 i 4500 | ||
|---|---|---|---|
| 001 | 24767 | ||
| 003 | KOSZ 005 | ||
| 005 | 20250813122424.0 | ||
| 008 | 250811s1994 pl a f 000 0 pol | ||
| 015 | _aUWD 1995/1047 | ||
| 020 | _a8301113170 | ||
| 035 | _a991000009139705066 | ||
| 035 | _a(PL-WaBN)b1000922x-48omnis_nlop | ||
| 035 | _ab1000922x | ||
| 035 | _a(OCoLC)830049352 | ||
| 035 | _azz2003831815 | ||
| 035 | _a(PL)b0000001000922 | ||
| 035 | _a(EXLNZ-48OMNIS_NETWORK)9910064120205606 | ||
| 040 |
_aWA N _cWA N _dKOSZ 005/RW |
||
| 041 | 1 |
_apol _beng |
|
| 046 | _k1989 | ||
| 080 | _a005 | ||
| 080 | _a(07) | ||
| 100 | 1 |
_aBittel, Lester R. _d(1918- ) _eAutor |
|
| 245 | 1 | 0 |
_aKrótki kurs zarządzania / _cLester R. Bittel ; przekład Andrzej Dziurdzik ; redakcja naukowa przekładu Leszek Krzyżanowski. |
| 246 | 1 |
_iTytuł oryginału: _aMcGraw-Hill 36-hour management course, _f1989 |
|
| 250 | _aWydanie I. | ||
| 260 |
_aWarszawa ; _bWydawnictwo Naukowe PWN : _aLondyn : _bMcGraw-Hill Book Company, _c[1994]. |
||
| 300 |
_a324, [1] strony : _bilustracje ; _c24 cm. |
||
| 336 |
_aTekst _btxt _2rdacontent |
||
| 337 |
_aBez urządzenia pośredniczącego _bn _2rdamedia |
||
| 338 |
_aWolumin _bnc _2rdacarrier |
||
| 380 | _aKsiążki | ||
| 380 | _aPublikacje dydaktyczne | ||
| 388 | 1 | _a1901-2000 | |
| 388 | 1 | _a1989-2000 | |
| 650 | 7 |
_aKontrola _2DBN |
|
| 650 | 7 |
_aPsychologia _2DBN |
|
| 650 | 7 |
_aZarządzanie _2DBN |
|
| 655 | 7 |
_aPodręcznik _2DBN |
|
| 658 | 7 | _aZarządzanie i marketing | |
| 700 | 1 |
_aDziurdzik, Andrzej _eTłumaczenie |
|
| 700 | 1 |
_aKrzyżanowski, Leszek Jerzy _d(1926-2005) _eTłumaczenie |
|
| 710 | 2 |
_aWydawnictwo Naukowe PWN _4pbl |
|
| 710 | 2 |
_aMcGraw-Hill Companies _4pbl |
|
| 856 |
_uhttps://koha.tu.koszalin.pl/cgi-bin/koha/opac-detail.pl?biblionumber=24767 _yKatalog online BPK |
||
| 942 |
_2UKD _cKS |
||
| 999 |
_c24767 _d24767 |
||